| 000 | 00449nam a22001577a 4500 | ||
|---|---|---|---|
| 005 | 20241210115655.0 | ||
| 008 | 190527b xxu||||| |||| 00| 0 eng d | ||
| 020 | _a978-85790-41-1 | ||
| 041 | _aeng | ||
| 100 |
_aGURD, DR, R.S.,YEOLE,DR.P.G.,YADAV,DR. A.V AND GOKHALE,S.B _98311 |
||
| 245 | _aTEXTBOOK OG PHARMACEUTICS FOR FIRST YEAR BACHELOR PHARMACY | ||
| 260 |
_aPUNE _bNIRALI PRAKASHAN |
||
| 300 | _a1.3p, | ||
| 650 | _aPHARMACY | ||
| 942 | _cBK | ||
| 999 |
_c5853 _d5851 |
||